Catálogo público

Canadian agricultural thesaurus (Record no. 43981)

MARC details
000 -CABECERA
campo de control de longitud fija 01282nam a22003257a 4500
003 - IDENTIFICADOR DEL NÚMERO DE CONTROL
campo de control CHAP
005 - FECHA Y HORA DE LA ÚLTIMA TRANSACCIÓN
campo de control 20220329135917.0
008 - DATOS DE LONGITUD FIJA--INFORMACIÓN GENERAL
campo de control de longitud fija 971013s1977 r 00010 d
010 ## - NÚMERO DE CONTROL DE LA BIBLIOTECA DEL CONGRESO
Número de control de LC 43981
011 ## - ENLACE DEL NUMERO DE CONTROL DE LA BIBLIOTECA DEL CONGRESO [OBSOLETO]
Número de control de LC 44953
035 ## - NÚMERO DE CONTROL DEL SISTEMA
Número de control de sistema 49092
040 ## - FUENTE DE LA CATALOGACIÓN
Centro/agencia transcriptor CHAP
082 ## - NÚMERO DE LA CLASIFICACIÓN DECIMAL DEWEY
Número de clasificación 029.5
Número de documento/Ítem T3 1977
100 00 - ENTRADA PRINCIPAL--NOMBRE DE PERSONA
Nombre de persona Taky, Jaques
Término indicativo de función/relación comp.
9 (RLIN) 111391
245 ## - MENCIÓN DE TÍTULO
Título Canadian agricultural thesaurus
260 ## - PUBLICACIÓN, DISTRIBUCIÓN, ETC.
Lugar de publicación, distribución, etc. (s.l.) :
Nombre del editor, distribuidor, etc. Department of Agriculture,
Fecha de publicación, distribución, etc. 1977
300 ## - DESCRIPCIÓN FÍSICA
Extensión 4 v.
505 ## - NOTA DE CONTENIDO CON FORMATO
Nota de contenido con formato Contenido : v.1 Pte. 1 (Section general); v.1 Pte. 2 (sSection general); v.2 (Systematics plants and viruses); v.3 (Systematics animals); v.4 (Chemicals products)
590 ## - NOTA LOCAL (RLIN)
Nota local BATCH-UPD
Procedencia (VM) [OBSOLETO] 10
Condición del los carretes individuales (VM) [OBSOLETO] 20130110
-- UCH01
-- 1038
590 ## - NOTA LOCAL (RLIN)
Nota local CONVERSION
Procedencia (VM) [OBSOLETO] 10
Condición del los carretes individuales (VM) [OBSOLETO] 20130109
-- UCH01
-- 1324
650 14 - PUNTO DE ACCESO ADICIONAL DE MATERIA--TÉRMINO DE MATERIA
Término de materia o nombre geográfico como elemento de entrada Agricultura
Subdivisión general Tesauros.
9 (RLIN) 1838
650 14 - PUNTO DE ACCESO ADICIONAL DE MATERIA--TÉRMINO DE MATERIA
Término de materia o nombre geográfico como elemento de entrada Encabezamientos de materia
Subdivisión general Agricultura.
9 (RLIN) 36719
901 ## - ELEMENTOS DE DATOS A LOCAL LDA (RLIN)
a BK
942 ## - ELEMENTOS DE PUNTO DE ACCESO ADICIONAL (KOHA)
Tipo de ítem Koha Libro
949 ## - PROCESAMIENTO DE INFORMACIÓN LOCAL (OCLC)
a 029.5 T3 1977
b BC
c C
d 33724000480232
e C
f v.2
h 60989
i 49092
s i
949 ## - PROCESAMIENTO DE INFORMACIÓN LOCAL (OCLC)
a 029.5 T3 1977
b BC
c C
d 33724000480257
e C
f v.1 Pte.1
h 60987
i 49092
s i
949 ## - PROCESAMIENTO DE INFORMACIÓN LOCAL (OCLC)
a 029.5 T3 1977
b BC
c C
d 33724000480273
e C
f v.4
h 60991
i 49092
s i
949 ## - PROCESAMIENTO DE INFORMACIÓN LOCAL (OCLC)
a 029.5 T3 1977
b BC
c C
d 33724000480281
e C
f v.3
h 60990
i 49092
s i
949 ## - PROCESAMIENTO DE INFORMACIÓN LOCAL (OCLC)
a 029.5 T3 1977
b BC
c C
d 33724000480299
e C
f v.1 Pte.2
h 60988
i 49092
s i
Holdings
Estado de retiro Estado de pérdida Fuente del sistema de clasificación o colocación Estado dañado Restricciones de uso No para préstamo Código de colección Localización permanente Ubicación/localización actual Ubicación en estantería Fecha de adquisición Información codificada de la localización en otra ubicación Total de préstamos Signatura topográfica completa Código de barras Fecha visto por última vez Número de copia Precio válido a partir de Tipo de ítem Koha
    Dewey Decimal Classification   Préstamo interno   Consulta Biblioteca Central Biblioteca Central Planta alta - Coleción Consulta 31/12/2019 LIBRO   029.5 T3 1977 33724000480232 30/05/2022 v.2 31/12/2019 Libro
    Dewey Decimal Classification   Préstamo interno   Consulta Biblioteca Central Biblioteca Central Planta alta - Coleción Consulta 31/12/2019 LIBRO   029.5 T3 1977 33724000480257 30/05/2022 v.1 Pte.1 31/12/2019 Libro
    Dewey Decimal Classification   Préstamo interno   Consulta Biblioteca Central Biblioteca Central Planta alta - Coleción Consulta 31/12/2019 LIBRO   029.5 T3 1977 33724000480273 30/05/2022 v.4 31/12/2019 Libro
    Dewey Decimal Classification   Préstamo interno   Consulta Biblioteca Central Biblioteca Central Planta alta - Coleción Consulta 31/12/2019 LIBRO   029.5 T3 1977 33724000480281 30/05/2022 v.3 31/12/2019 Libro
    Dewey Decimal Classification   Préstamo interno   Consulta Biblioteca Central Biblioteca Central Planta alta - Coleción Consulta 31/12/2019 LIBRO   029.5 T3 1977 33724000480299 30/05/2022 v.1 Pte.2 31/12/2019 Libro